| 000 | 00963nam a22002531 4500 | ||
|---|---|---|---|
| 001 | 29405 | ||
| 003 | BD-RjUL | ||
| 005 | 20211209051417.0 | ||
| 008 | 140403r19531938nyua 001 0 eng d | ||
| 035 | _a(BD-RjUL)29490 | ||
| 040 |
_aDLC _cDLC _dDLC _dBD-RjUL _beng |
||
| 041 | _aeng | ||
| 082 | 0 | 0 |
_a155.2 _bEXP 1953 |
| 245 | 0 | 0 |
_aExplorations in personality : _ba clinical and experimental study of fifty men of college age / _cby the workers at the Harvard psychological clinic: Henry A. Murray, William G. Barrett, Erik Homburger [and others]. |
| 260 |
_aNew York ; _aLondon [etc.] : _bOxford university press, _c1938 [reprinted 1953]. |
||
| 300 |
_axiv, 761 p. : _bill. ; _c25 cm. |
||
| 504 | _aIncludes index. | ||
| 650 | 0 |
_aPersonality. _989673 |
|
| 700 | 1 |
_aMurray, Henry A. _q(Henry Alexander), _d1893-1988. _988717 |
|
| 710 | 2 |
_aHarvard University. _bHarvard Psychological Clinic. _989674 |
|
| 942 |
_2ddc _cBK |
||
| 999 |
_c29405 _d29405 |
||